000 00480nam a2200169Ia 4500
005 20250326130453.0
008 250326s9999 xx 000 0 und d
037 _aTextbook
040 _aFMSL
_beng
_cFMSL
041 _aeng
_2eng
084 _aL:14 Q2
_qFMSL
100 _aSundear I
_9740649
245 0 _aHealth Economics and health care management
_cSundear I
260 _aNew Delhi
_bNew Delhi, IIA Serials
942 _cTB
_hL:14 Q2
999 _c1282637
_d1282637